000
00319nam a2200121Ia 4500
008
190722s9999 xx 000 0 und d
020
_a
978-93-325-5001-8
100
_a
Andrew S.Tanenbaum
245
0
_a
Modern Operating Systems
260
_a
India
_b
Pearson India Education Services
_c
2016
300
_a
1076
942
_c
BK
999
_c
310
_d
310